| 000 | 00418 a2200157 4500 | ||
|---|---|---|---|
| 005 | 20250627160454.0 | ||
| 020 | _a978-1-4058-7424-3 | ||
| 082 | _a330.9 TOD | ||
| 100 | _aTODARO, M. P. | ||
| 245 | _aEconomic Development | ||
| 250 | _a10th Ed. | ||
| 260 |
_aLondon, _bAddison-Wesley, _c2009. |
||
| 300 |
_axxvii, 861p.: ill.; figure, map, table. _bGlossary, index. _c24cm. |
||
| 700 | _aSMITH, S. C. | ||
| 942 |
_2ddc _cBKS |
||
| 999 |
_c2821 _d2821 |
||